| 000 | 00476nam a22001937a 4500 | ||
|---|---|---|---|
| 003 | OSt | ||
| 008 | 250404b |||||||| |||| 00| 0 eng d | ||
| 020 | _a9789395763219 | ||
| 082 |
_a635.0202 _bV21H |
||
| 100 | _a Vanangamudi. K | ||
| 245 | _aA Handbook of Horticulture Science, Vol- 3 | ||
| 260 |
_aNew Delhi _bNIPA _c2023 |
||
| 300 | _a475 p. | ||
| 650 | _aHorticulture | ||
| 700 | _aChezhiyan, N | ||
| 700 | _aKokila, M | ||
| 700 | _aPrabhu. M | ||
| 942 |
_2ddc _cBK _03 |
||
| 999 |
_c47835 _d47835 |
||